England 2018 FIFA World Cup Squad - Picture Quiz - Statistics

General Stats
  • This quiz has been taken 450 times
    432 since last reset
  • The average score is 18 of 24
Answer Stats
Picture Hint Answer % Correct
FW Harry Kane
96%
DF Harry Maguire
94%
GK Jordan Pickford
93%
DF Kyle Walker
93%
FW Raheem Sterling
92%
FW Marcus Rashford
91%
DF John Stones
87%
DF Trent Alexander-Arnold
87%
MF Dele Alli
84%
MF Jordan Henderson
84%
FW Jamie Vardy
82%
DF Kieran Trippier
80%
MF Jesse Lingard
79%
Manager Gareth Southgate
74%
MF Eric Dier
72%
DF Ashley Young
66%
DF Phil Jones
60%
FW Danny Welbeck
58%
DF Danny Rose
57%
GK Nick Pope
57%
MF Ruben Loftus-Cheek
53%
DF Gary Cahill
49%
GK Jack Butland
45%
MF Fabian Delph
38%
No matching quizzes found
Score Distribution
Percent of People with Each Score
Percentile by Number Answered
Your Score History
You have not taken this quiz since the last reset